|
|
|
|
| LEADER |
00000cam a22000004a 4500 |
| 001 |
musev2_22320 |
| 003 |
MdBmJHUP |
| 005 |
20230905042357.0 |
| 006 |
m o d |
| 007 |
cr||||||||nn|n |
| 008 |
100706s2010 mou o 00 0 eng d |
| 020 |
|
|
|a 9780826272164
|
| 020 |
|
|
|z 9780826218872
|
| 020 |
|
|
|z 9780826221780
|
| 035 |
|
|
|a (OCoLC)868217825
|
| 040 |
|
|
|a MdBmJHUP
|c MdBmJHUP
|
| 245 |
0 |
4 |
|a The Missouri Mormon Experience /
|c edited by Thomas M. Spencer.
|
| 264 |
|
1 |
|a Columbia, Mo. :
|b University of Missouri Press,
|c 2010.
|
| 264 |
|
3 |
|a Baltimore, Md. :
|b Project MUSE,
|c 2014
|
| 264 |
|
4 |
|c ©2010.
|
| 300 |
|
|
|a 1 online resource (208 pages):
|b illustrations, maps
|
| 336 |
|
|
|a text
|b txt
|2 rdacontent
|
| 337 |
|
|
|a computer
|b c
|2 rdamedia
|
| 338 |
|
|
|a online resource
|b cr
|2 rdacarrier
|
| 505 |
0 |
|
|a Introduction: "Persecution in the most odious sense of the word" / Thomas M. Spencer -- The Missouri context of antebellum Mormonism and its legacy of violence / Kenneth H. Winn -- Reassessing Joseph Smith's "appointed time for the redemption of Zion" / Ronald E. Romig and Michael S. Riggs -- Mormonism, millenarianism, and Missouri / Grant Underwood -- The great temple of the New Jerusalem / Richard O. Cowan -- The Mormon Temple site at Far West, Caldwell County, Missouri / Alexander L. Baugh -- "Was this really Missouri civilization?" The Haun's Mill Massacre in Missouri and Mormon history / Thomas M. Spencer -- But for the kindness of strangers : the Columbia, Missouri, response to the Mormon prisoners and the jailbreak of July 4, 1839 / Jean A. Pry and Dale A. Whitman -- Lessons learned : the Nauvoo Legion and what the Mormons learned militarily in Missouri / Richard E. Bennett -- Between the borders : Mormon transmigration through Missouri, 1838-1868 / Fred E. Woods.
|
| 546 |
|
|
|a English.
|
| 588 |
|
|
|a Description based on print version record.
|
| 610 |
2 |
7 |
|a Church of Jesus Christ of Latter-day Saints.
|2 fast
|0 (OCoLC)fst00549691
|
| 610 |
2 |
0 |
|a Church of Jesus Christ of Latter-day Saints
|x History
|y 19th century.
|
| 650 |
|
7 |
|a Mormon Church.
|2 fast
|0 (OCoLC)fst01026221
|
| 650 |
|
7 |
|a RELIGION
|x Christianity
|x Church of Jesus Christ of Latter-day Saints (Mormon)
|2 bisacsh
|
| 650 |
|
0 |
|a Mormon Church
|z Missouri
|x History
|y 19th century.
|
| 651 |
|
7 |
|a Missouri.
|2 fast
|0 (OCoLC)fst01204724
|
| 651 |
|
6 |
|a Missouri
|x Histoire religieuse
|y 19e siecle.
|
| 651 |
|
0 |
|a Missouri
|x Church history
|y 19th century.
|
| 655 |
|
7 |
|a History.
|2 fast
|0 (OCoLC)fst01411628
|
| 655 |
|
7 |
|a Church history.
|2 fast
|0 (OCoLC)fst01411629
|
| 655 |
|
7 |
|a Electronic books.
|2 local
|
| 700 |
1 |
|
|a Spencer, Thomas M.
|q (Thomas Morris),
|d 1967-
|
| 710 |
2 |
|
|a Project Muse.
|e distributor
|
| 830 |
|
0 |
|a Book collections on Project MUSE.
|
| 856 |
4 |
0 |
|z Texto completo
|u https://projectmuse.uam.elogim.com/book/22320/
|
| 945 |
|
|
|a Project MUSE - Custom Collection
|
| 945 |
|
|
|a Project MUSE - Archive Complete Supplement II
|
| 945 |
|
|
|a Project MUSE - Archive US Regional Studies, Midwest Supplement II
|
| 945 |
|
|
|a Project MUSE - Archive American Studies Supplement
|